000 00201 a2200097 4500
001 7141
100 _aGatland, K.W
245 _aSpacecraft and boosters
260 _a
_bIliffe
_c
090 _c5910
_d5910
942 _aNUST-CAE
_cM
_c32390
999 _c242214
_d242214